<?xml version="1.0" encoding="UTF-8"?>
<record
    xmlns:xsi="http://www.w3.org/2001/XMLSchema-instance"
    xsi:schemaLocation="http://www.loc.gov/MARC21/slim http://www.loc.gov/standards/marcxml/schema/MARC21slim.xsd"
    xmlns="http://www.loc.gov/MARC21/slim">

  <leader>02679nam a2200325   4500</leader>
  <controlfield tag="001">ESSALUD</controlfield>
  <controlfield tag="005">20260703123717.0</controlfield>
  <controlfield tag="007">ta</controlfield>
  <controlfield tag="008">      t        pe ||||| |||| 00| 0 spa d</controlfield>
  <datafield tag="040" ind1=" " ind2=" ">
    <subfield code="a">BMG</subfield>
  </datafield>
  <datafield tag="041" ind1=" " ind2=" ">
    <subfield code="a">spa</subfield>
  </datafield>
  <datafield tag="100" ind1=" " ind2=" ">
    <subfield code="a">Valderrama Valderrama, Luis Ricardo </subfield>
    <subfield code="e">Autor</subfield>
    <subfield code="9">49171</subfield>
  </datafield>
  <datafield tag="245" ind1=" " ind2=" ">
    <subfield code="a">La participaci&#xF3;n de los trabajadores en las utilidades de la empresa.</subfield>
    <subfield code="b">Marco normativo y criterios para su correcta aplicaci&#xF3;n</subfield>
  </datafield>
  <datafield tag="246" ind1=" " ind2=" ">
    <subfield code="a">Employees' part icipation in company profits.</subfield>
    <subfield code="b">Legal framework and criteria far its proper application</subfield>
  </datafield>
  <datafield tag="300" ind1=" " ind2=" ">
    <subfield code="a">p&#xE1;ginas 72-86</subfield>
  </datafield>
  <datafield tag="520" ind1=" " ind2=" ">
    <subfield code="a">El art&#xED;culo analiza el r&#xE9;gimen jur&#xED;dico de la participaci&#xF3;n de los trabajadores
en las utilidades de las empresas en el Per&#xFA;, abordando su marco normativo, &#xE1;mbito
de aplicaci&#xF3;n y criterios para su correcta distribuci&#xF3;n. Se examinan las condiciones
que determinan la obligaci&#xF3;n empresarial de repartir utilidades, los trabajadores beneficiarios
y los m&#xE9;todos de c&#xE1;lculo basados en los d&#xED;as efectivamente laborados y las
remuneraciones percibidas. Asimismo, se revisan los plazos de pago, el tratamiento
del remanente y las consecuencias del incumplimiento. El estudio busca orientar a empleadores
y trabajadores para evitar contingencias derivadas de errores en el c&#xE1;lculo o
en el pago oportuno. 
</subfield>
  </datafield>
  <datafield tag="520" ind1=" " ind2=" ">
    <subfield code="a">The article analyzes the legal framework governing employee&#x2019;s' participation in company
profits in Peru, addressing its regulatory basis, scape of application, and the criteria for its proper
distribution. It examines the conditions that determine the employer's obligation to distribute profits,
the workers entitled to this benefit, and the calculation methods based on days actually worked and
the remuneration received. lt also reviews payment deadlines, the treatment of the remaining balance,
and the consequences of non-compliance. The study aims to guide employers and workers in order to
prevent contingencies arising from errors in the calculation or the timely payment of this benefit. 
</subfield>
  </datafield>
  <datafield tag="650" ind1=" " ind2=" ">
    <subfield code="a">PARTICIPACI&#xD3;N EN LAS UTILIDADES</subfield>
    <subfield code="9">53274</subfield>
  </datafield>
  <datafield tag="650" ind1=" " ind2=" ">
    <subfield code="a">DERECHO LABORAL PERUANO</subfield>
    <subfield code="9">53275</subfield>
  </datafield>
  <datafield tag="650" ind1=" " ind2=" ">
    <subfield code="a">DISTRIBUCI&#xD3;N DE UTILIDADES</subfield>
    <subfield code="9">53276</subfield>
  </datafield>
  <datafield tag="650" ind1=" " ind2=" ">
    <subfield code="a">BENEFICIOS LABORALES</subfield>
    <subfield code="9">53277</subfield>
  </datafield>
  <datafield tag="650" ind1=" " ind2=" ">
    <subfield code="a">REMUNERACI&#xD3;N COMPUTABLE </subfield>
    <subfield code="9">53278</subfield>
  </datafield>
  <datafield tag="650" ind1=" " ind2=" ">
    <subfield code="a">PROFIT SHARING </subfield>
    <subfield code="9">53279</subfield>
  </datafield>
  <datafield tag="650" ind1=" " ind2=" ">
    <subfield code="a">PERUVIAN LABOR LAW </subfield>
    <subfield code="9">53280</subfield>
  </datafield>
  <datafield tag="650" ind1=" " ind2=" ">
    <subfield code="a">PROFIT DISTRIBUTION </subfield>
    <subfield code="9">53281</subfield>
  </datafield>
  <datafield tag="650" ind1=" " ind2=" ">
    <subfield code="a">LABOR BENEFITS </subfield>
    <subfield code="9">53282</subfield>
  </datafield>
  <datafield tag="650" ind1=" " ind2=" ">
    <subfield code="a">COMPUTABLE REMUNERATIAN</subfield>
    <subfield code="9">53283</subfield>
  </datafield>
  <datafield tag="773" ind1="0" ind2=" ">
    <subfield code="0">22614</subfield>
    <subfield code="9">22626</subfield>
    <subfield code="d">Lima Grupo Praxis Formaci&#xF3;n Profesional, 2026-</subfield>
    <subfield code="o">PRALAB002</subfield>
    <subfield code="t">Praxis Laboral &amp; Procesal Laboral</subfield>
    <subfield code="w">ESSALUD</subfield>
    <subfield code="x">3119-768X</subfield>
  </datafield>
  <datafield tag="942" ind1=" " ind2=" ">
    <subfield code="c">ARTICULOS</subfield>
    <subfield code="e">2026-07-02</subfield>
    <subfield code="z">SQB</subfield>
  </datafield>
  <datafield tag="999" ind1=" " ind2=" ">
    <subfield code="c">22640</subfield>
    <subfield code="d">22640</subfield>
  </datafield>
</record>
